1721 1851 1302 1623 1291 1885 1688 1158 1741 1717 1955 1099 1281 1559 1475 1987 1235 1034 1725 1245 1587 1202 1359 1122 1312 1348 1436 1190 1362 1160 1268 1032 1985 1039 1725 1725 1415 1586 1289 1874 1548 1867 1669 1702 1808 1869 1009 1579 1968 1703 1904 1003 1355 1092 1298 1245 1187 1830 1169 1888 1393 1052 1656 1395 1249 1316 1526 1471 1909 1525 1530 1052 1883 1573 1412 1028 1216 1206 1712 1497 1700 1113 1131 1107 1147 1247 1403 1394 1180 1337 1428 1397 1447 1517 1205 1120 1827 1131 1818 BCNSPRNW ULIB Ver.6.0+V

เปลี่ยนเป็นภาษาไทย

Change to English
 แสดงรายละเอียดบรรณานุกรม
  กลับหน้าหลัก

Brief Record : Get Marc (ISO 2709) : E-mail record : QR code < ปิดหน้าต่าง
LEADER : 00000nam 2200000uu 4500
001    13399113527
003     ULIB
008    110627s2544||||th 000 0 tha d
020    97897447296
090    นว.^bร942ฮ ล.4 2544
100 0  โรว์ลิ่ง, เจ.เค.
245 00 แฮร์รี่ พอตเตอร์ กับถ้วยอัคนี เล่ม4/^cโรว์ลิ่ง, เจ.เค.
250    พิมพ์ครั้งที่ 1
260    กรุงเทพฯ :^bนานมีบุ๊คส์,^c2544
300    832 หน้า
710 1  นานมีบุ๊คส์
945    ^p0^l0^i014150
945    ^p0^l0^i021005
995    ทศพร
999 ^a ใช้งานได้ทุกระบบ
รายการนี้ยังไม่มีแท็ก
คุณยังไม่ได้ล็อกอิน คุณสามารถมีกิจกรรมร่วมกับเว็บไซต์ได้ แต่ต้องล็อกอินก่อน ::
  ล็อกอิน

รายการสื่อสารสนเทศ

ลำดับที่ ประเภท เลขเรียก/บาร์โค้ด สถานที่ สถานะ
1. นวนิยาย
นวนิยาย
นว. ร942ฮ ล.4 2544 ฉ.1 
  Barcode: 014150
ห้องสมุดวิทยาเขตสวรรค์ประชารักษ์
►นวนิยาย
บนชั้น
  ขอยืม
2. นวนิยาย
นวนิยาย
นว. ร942ฮ ล.4 2544 ฉ.2 
  Barcode: 021005
ห้องสมุดวิทยาเขตนครสวรรค์
►นวนิยาย:l:Fiction
บนชั้น

รายการใกล้เคียง
    ผู้แต่ง [โรว์ลิ่ง, เจ.เค.]

BibComment


ยังไม่เคยถูกคอมเมนท์

คอมเมนท์ทรัพยากรรายการนี้
  คอมเมนท์: แฮร์รี่ พอตเตอร์ ..


 Copyright 2026. Bcnsprnw @Library